00462nam a22001577a 450000500170000001000150001702000250003203500130005703700130007008200110008310000150009424500530010926000710016227000490023330000220028220100813115918.0 aENG-100303 a9788172085803c20.00 aEN-83835 bDBAD/PUB a230.35 aMata Betty aSathya sai Baba universal love /cby Mata Betty aPrasanthi NilayambSri Sathya Sai Books & Publications Trustc2008 aPrasanthi NilayambPrasanthi Nilayame515134 a131p.c22cm (pbk)